[Event "BL2-West 1920"]
[Site "Germany"]
[Date "2019.11.24"]
[Round "3.6"]
[White "Schaefer, Markus"]
[Black "Kalka, Arkadius Georg"]
[Result "1/2-1/2"]
[WhiteElo "2374"]
[BlackElo "2339"]
[PlyCount "90"]
[EventDate "2019.09.19"]
[EventType "team-tourn"]
[EventRounds "9"]
[EventCountry "GER"]
[SourceTitle "EXT 2023"]
[Source "ChessBase"]
[SourceDate "2022.10.05"]
[SourceVersion "1"]
[SourceVersionDate "2022.10.05"]
[SourceQuality "1"]
[WhiteTeam "Solingen II"]
[BlackTeam "Dortmund Hansa"]
[WhiteTeamCountry "GER"]
[BlackTeamCountry "GER"]

1. e4 c5 2. Nf3 Nc6 3. d4 cxd4 4. Nxd4 g6 5. c4 Nf6 6. Nc3 Nxd4 7. Qxd4 d6 8. Bg5 Bg7 9. Qd2 0-0 10. Bd3 Be6 11. 0-0 Rc8 12. b3 Qa5 13. Rac1 Rfe8 14. h3 Nd7 15. Be3 Nc5 16. Bb1 a6 17. Bd4 Bxd4 18. Qxd4 b5 19. cxb5 Bxb3 20. bxa6 Be6 21. Nd5 Qxa6 22. e5 Bxd5 23. Qxd5 Ne6 24. Rxc8 Rxc8 25. exd6 Nf4 26. Qd2 Ne2+ 27. Kh2 Qxd6+ 28. Qxd6 exd6 29. Bd3 Nc3 30. Rc1 Rc5 31. Rc2 d5 32. Kg1 Kf8 33. Kf1 Ke7 34. Ke1 Kd6 35. a3 Ke5 36. Rb2 Ra5 37. Rb3 Kd4 38. Kd2 Ne4+ 39. Bxe4 dxe4 40. Rb4+ Ke5 41. a4 Rd5+ 42. Ke2 Rd3 43. Rb5+ Ke6 44. Rb6+ Ke5 45. Rb5+ Ke6 1/2-1/2

[Event "BL2-West 1819"]
[Site "Germany"]
[Date "2019.02.03"]
[Round "6.8"]
[White "Kalka, Arkadius Georg"]
[Black "Nachbar, Benjamin"]
[Result "1-0"]
[WhiteElo "2331"]
[BlackElo "2119"]
[PlyCount "65"]
[EventDate "2018.11.21"]
[EventType "team-tourn"]
[EventRounds "9"]
[EventCountry "GER"]
[SourceTitle "CBM 190 Extra"]
[Source "ChessBase"]
[SourceDate "2019.07.15"]
[SourceVersion "1"]
[SourceVersionDate "2019.07.15"]
[SourceQuality "1"]
[WhiteTeam "Dortmund Hansa"]
[BlackTeam "Muelheim Nord II"]
[WhiteTeamCountry "GER"]
[BlackTeamCountry "GER"]

1. c4 c5 2. g3 g6 3. Nc3 Bg7 4. Bg2 Nc6 5. Nf3 d6 6. 0-0 Qd7 7. d3 b6 8. Bg5 Bb7 9. Rb1 f5 10. e4 Bxc3 11. bxc3 h6 12. Be3 fxe4 13. Nh4 Ne5 14. d4 Nf3+ 15. Nxf3 exf3 16. Bxf3 Bxf3 17. Qxf3 Rc8 18. Rfe1 Qf5 19. Qb7 Qd7 20. Qf3 Qf5 21. Qb7 Qd7 22. Qa6 Nf6 23. dxc5 dxc5 24. Rbd1 Qh3 25. Qxa7 0-0 26. Qb7 Ra8 27. Rd2 Ng4 28. Qd5+ Kh7 29. Qg2 Qh5 30. Bf4 e5 31. h3 exf4 32. Qb7+ Kh8 33. hxg4 1-0

[Event "Ruhrgebiet Regionalliga 1819"]
[Site "Nordrheinwestfalen"]
[Date "2018.09.30"]
[Round "2.1"]
[White "Kalka, Arkadius Georg"]
[Black "Loyen, Egbert"]
[Result "1-0"]
[WhiteElo "2284"]
[BlackElo "2189"]
[PlyCount "49"]
[EventDate "2018.09.02"]
[EventType "team-tourn"]
[EventRounds "11"]
[EventCountry "GER"]
[SourceTitle "EXT 2022"]
[Source "ChessBase"]
[SourceDate "2021.10.06"]
[SourceVersion "1"]
[SourceVersionDate "2021.10.06"]
[SourceQuality "1"]
[WhiteTeam "Dortmund Hansa II"]
[BlackTeam "Borbeck Weisse Dame"]
[WhiteTeamCountry "GER"]
[BlackTeamCountry "GER"]

1. d4 d6 2. Nf3 g6 3. e4 Nf6 4. Nc3 Bg7 5. Bc4 0-0 6. Qe2 c6 7. e5 dxe5 8. dxe5 Nd5 9. h3 Na6 10. 0-0 Nac7 11. Rd1 Be6 12. Ne4 Qb8 13. Bb3 a5 14. Nc5 b5 15. Nd4 Qe8 16. c4 bxc4 17. Ba4 Nb4 18. a3 Bd5 19. axb4 axb4 20. Bd2 b3 21. Rac1 Ne6 22. Ncxe6 fxe6 23. Rxc4 Rxa4 24. Rxa4 c5 25. Nb5 1-0

[Event "BL2-West 1718"]
[Site "Germany"]
[Date "2017.12.10"]
[Round "4.8"]
[White "Kalka, Arkadius Georg"]
[Black "Bonnmann, Reinhard"]
[Result "1-0"]
[WhiteElo "2329"]
[BlackElo "2229"]
[PlyCount "101"]
[EventDate "2017.10.08"]
[EventType "team-tourn"]
[EventRounds "9"]
[EventCountry "GER"]
[SourceTitle "CBM 183 Extra"]
[Source "ChessBase"]
[SourceDate "2018.04.19"]
[SourceVersion "1"]
[SourceVersionDate "2018.04.19"]
[SourceQuality "1"]
[WhiteTeam "Dortmund Hansa"]
[BlackTeam "Koeln SF"]
[WhiteTeamCountry "GER"]
[BlackTeamCountry "GER"]

1. c4 g6 2. g3 Bg7 3. Nc3 Nf6 4. Bg2 0-0 5. Nf3 d6 6. 0-0 Nc6 7. Rb1 e5 8. b4 a6 9. d3 Re8 10. Nd2 Nd4 11. e3 Ne6 12. Bb2 c6 13. Qb3 h5 14. Nf3 Ng4 15. Rbd1 Ng5 16. Nxg5 Qxg5 17. Ne4 Qe7 18. c5 Be6 19. Qc2 d5 20. Nd6 Red8 21. h3 Nh6 22. e4 d4 23. f4 Rxd6 24. cxd6 Qxd6 25. a3 a5 26. Qc5 Qxc5 27. bxc5 a4 28. fxe5 Bxe5 29. Bc1 Kg7 30. Bf4 f6 31. Rb1 Bb3 32. Bf3 Ra5 33. Bxe5 fxe5 34. Bd1 Rb5 35. Bxb3 axb3 36. a4 Rb4 37. Rfc1 Rxa4 38. Rxb3 Ra2 39. Rxb7+ Kf6 40. Rf1+ Kg5 41. Re7 Ng4 42. hxg4 Kxg4 43. Rxe5 Rd2 44. Rf6 Rxd3 45. Rxg6+ Kf3 46. Rxc6 Kxg3 47. Rf5 Rd1+ 48. Rf1 Rd2 49. Rg6+ Kh3 50. Rf3+ Kh4 51. Rf2 1-0

[Event "Berlin Lichtenrade op 13th"]
[Site "Berlin"]
[Date "2017.11.04"]
[Round "8"]
[White "Schnabel, Ralf"]
[Black "Kalka, Arkadius Georg"]
[Result "1-0"]
[WhiteElo "2225"]
[BlackElo "2329"]
[PlyCount "103"]
[EventDate "2017.10.28"]
[EventType "swiss"]
[EventRounds "9"]
[EventCountry "GER"]
[SourceTitle "CBM 181 Extra"]
[Source "ChessBase"]
[SourceDate "2017.12.12"]
[SourceVersion "1"]
[SourceVersionDate "2017.12.12"]
[SourceQuality "1"]

1. e4 c5 2. Nf3 d6 3. d4 cxd4 4. Nxd4 Nf6 5. Nc3 g6 6. Be2 Bg7 7. 0-0 Nc6 8. Nb3 0-0 9. Bg5 Be6 10. Re1 a6 11. Bf1 b5 12. Nd5 Bxd5 13. exd5 Ne5 14. g3 Re8 15. c3 Nc4 16. Re2 h6 17. Bc1 e5 18. dxe6 fxe6 19. a4 e5 20. Bg2 d5 21. Nd2 Qd6 22. Qb3 Qc5 23. Qc2 e4 24. Nxc4 Qxc4 25. f3 Rac8 26. axb5 axb5 27. Be3 exf3 28. Bxf3 Ne4 29. Qd1 b4 30. cxb4 Rcd8 31. Qe1 Kh7 32. Ra7 d4 33. Bxh6 Kxh6 34. Rxe4 Rxe4 35. Qxe4 Qc1+ 36. Kg2 Qd2+ 37. Kh3 Bf6 38. Ra6 Rh8 39. Be2 d3 40. Qxd3 Kg7+ 41. Kg2 Rd8 42. Qxd2 Rxd2 43. Kf3 Rxb2 44. b5 g5 45. Ra7+ Kf8 46. h3 Rb4 47. Bd3 Be5 48. Rd7 Rd4 49. Rxd4 Bxd4 50. Kg4 Bf2 51. h4 gxh4 52. Kxh4 1-0

[Event "Berlin Lichtenrade op 13th"]
[Site "Berlin"]
[Date "2017.10.31"]
[Round "4"]
[White "Llopis de Aysa, Manuel"]
[Black "Kalka, Arkadius Georg"]
[Result "0-1"]
[WhiteElo "2138"]
[BlackElo "2329"]
[PlyCount "74"]
[EventDate "2017.10.28"]
[EventType "swiss"]
[EventRounds "9"]
[EventCountry "GER"]
[SourceTitle "CBM 181 Extra"]
[Source "ChessBase"]
[SourceDate "2017.12.12"]
[SourceVersion "1"]
[SourceVersionDate "2017.12.12"]
[SourceQuality "1"]

1. d4 Nf6 2. c4 g6 3. Nc3 Bg7 4. e4 d6 5. Nf3 0-0 6. Be2 e5 7. d5 a5 8. Bg5 h6 9. Bh4 Na6 10. Nd2 Qe8 11. 0-0 Nh7 12. a3 Bd7 13. Kh1 h5 14. f3 Bf6 15. Bf2 h4 16. Rb1 a4 17. Nb5 Bg5 18. b4 Kg7 19. Nc3 Nf6 20. c5 Nh5 21. Nc4 Qe7 22. cxd6 cxd6 23. Nb6 Rad8 24. Ncxa4 Bf4 25. Kg1 Qg5 26. Nxd7 Rxd7 27. Qd3 Bxh2+ 28. Kxh2 Nf4 29. Rg1 Nxd3 30. Bxd3 Qf4+ 31. Kh1 h3 32. Be2 hxg2+ 33. Kxg2 Rc7 34. b5 Nb8 35. Nb6 Rc2 36. Rge1 Rh8 37. Bg3 Qe3 0-1

[Event "Berlin Lichtenrade op 13th"]
[Site "Berlin"]
[Date "2017.10.30"]
[Round "3"]
[White "Kalka, Arkadius Georg"]
[Black "Kather, Yannick"]
[Result "1-0"]
[WhiteElo "2329"]
[BlackElo "2040"]
[PlyCount "97"]
[EventDate "2017.10.28"]
[EventType "swiss"]
[EventRounds "9"]
[EventCountry "GER"]
[SourceTitle "CBM 181 Extra"]
[Source "ChessBase"]
[SourceDate "2017.12.12"]
[SourceVersion "1"]
[SourceVersionDate "2017.12.12"]
[SourceQuality "1"]

1. c4 g6 2. g3 Bg7 3. Nf3 Nf6 4. Na3 c6 5. b4 d5 6. Bb2 0-0 7. Bg2 a5 8. b5 dxc4 9. bxc6 Nxc6 10. Nxc4 Be6 11. Nce5 Nxe5 12. Bxe5 Bd5 13. Qb1 Qd7 14. d3 Bc6 15. 0-0 a4 16. Re1 Rfd8 17. a3 Ra5 18. Bc3 Rb5 19. Qc2 Bxf3 20. Bxf3 Rc8 21. Qd2 Rxc3 22. Qxc3 Ne4 23. Qc1 Bxa1 24. Qxa1 Ng5 25. Bg2 Nh3+ 26. Kf1 Ng5 27. Rc1 Ne6 28. Rc4 Rc5 29. Rxc5 Nxc5 30. Qe5 Qd6 31. Qxd6 exd6 32. Ke1 Kf8 33. d4 Nb3 34. e3 Na5 35. Bd5 Nc6 36. Bxc6 bxc6 37. Kd2 Ke7 38. Kc3 Ke6 39. Kc4 Kd7 40. Kb4 Kc7 41. Kxa4 Kb6 42. Kb4 f6 43. e4 g5 44. f4 gxf4 45. gxf4 h5 46. a4 c5+ 47. dxc5+ dxc5+ 48. Kc4 Kc6 49. a5 1-0

[Event "BL2-West 1718"]
[Site "Germany"]
[Date "2017.10.22"]
[Round "2.8"]
[White "Kalka, Arkadius Georg"]
[Black "Lamby, Philipp"]
[Result "1-0"]
[WhiteElo "2329"]
[BlackElo "2202"]
[PlyCount "76"]
[EventDate "2017.10.08"]
[EventType "team-tourn"]
[EventRounds "9"]
[EventCountry "GER"]
[SourceTitle "CBM 183 Extra"]
[Source "ChessBase"]
[SourceDate "2018.04.19"]
[SourceVersion "1"]
[SourceVersionDate "2018.04.19"]
[SourceQuality "1"]
[WhiteTeam "Dortmund Hansa"]
[BlackTeam "Aachen SV"]
[WhiteTeamCountry "GER"]
[BlackTeamCountry "GER"]

1. c4 e5 2. g3 c6 3. Bg2 d5 4. cxd5 cxd5 5. d4 exd4 6. Qxd4 Nf6 7. Nf3 Nc6 8. Qd1 Bc5 9. 0-0 Ne4 10. Nc3 Nxc3 11. bxc3 0-0 12. Qd3 h6 13. Be3 Bxe3 14. Qxe3 Re8 15. Qd2 Bf5 16. Nd4 Be4 17. Nxc6 bxc6 18. Rfd1 Qe7 19. Bxe4 Qxe4 20. e3 Rab8 21. Qe2 Rb6 22. Rd4 Qe5 23. Rad1 Reb8 24. c4 Rb2 25. R1d2 Rxd2 26. Qxd2 dxc4 27. Rxc4 c5 28. a4 Rb2 29. Qd8+ Kh7 30. Qd3+ g6 31. Qd7 Kg7 32. Rf4 Qe6 33. Qxa7 Qd5 34. e4 Qc4 35. h3 Ra2 36. a5 Ra1+ 37. Kh2 Ra2 38. Qc7 Ra1 1-0

[Event "BL2-West 1617"]
[Site "Germany"]
[Date "2017.05.08"]
[Round "9.5"]
[White "Kalka, Arkadius Georg"]
[Black "Miedema, David"]
[Result "0-1"]
[WhiteElo "2334"]
[BlackElo "2362"]
[PlyCount "64"]
[EventDate "2016.10.16"]
[EventType "team-tourn"]
[EventRounds "9"]
[EventCountry "GER"]
[SourceTitle "EXT 2018"]
[Source "ChessBase"]
[SourceDate "2017.10.13"]
[SourceVersion "1"]
[SourceVersionDate "2017.10.13"]
[SourceQuality "1"]
[WhiteTeam "Dortmund Hansa"]
[BlackTeam "Duesseldorf"]
[WhiteTeamCountry "GER"]
[BlackTeamCountry "GER"]

1. c4 e6 2. g3 d5 3. Bg2 dxc4 4. Na3 Bxa3 5. bxa3 c6 6. Bb2 f6 7. Qc2 b5 8. a4 a6 9. Be4 Ne7 10. g4 e5 11. g5 f5 12. Bg2 0-0 13. Bxe5 Ng6 14. Bxb8 Rxb8 15. Bxc6 Rb6 16. Bf3 Qxg5 17. axb5 axb5 18. a4 f4 19. Be4 Re8 20. Nf3 Qe7 21. Bd5+ Kh8 22. 0-0 Rd6 23. Ba8 Bh3 24. axb5 Bxf1 25. Kxf1 Qxe2+ 26. Kg1 Ne5 27. Nxe5 Qxe5 28. Qb1 f3 29. Bxf3 Rxd2 30. Ra8 Rxa8 31. Bxa8 Qf4 32. Kh1 Qxf2 0-1

[Event "BL2-West 1617"]
[Site "Germany"]
[Date "2017.02.19"]
[Round "6.2"]
[White "Wegerle, Joerg"]
[Black "Kalka, Arkadius Georg"]
[Result "1-0"]
[WhiteElo "2438"]
[BlackElo "2334"]
[PlyCount "62"]
[EventDate "2016.10.16"]
[EventType "team-tourn"]
[EventRounds "9"]
[EventCountry "GER"]
[SourceTitle "EXT 2018"]
[Source "ChessBase"]
[SourceDate "2017.10.13"]
[SourceVersion "1"]
[SourceVersionDate "2017.10.13"]
[SourceQuality "1"]
[WhiteTeam "Solingen II"]
[BlackTeam "Dortmund Hansa"]
[WhiteTeamCountry "GER"]
[BlackTeamCountry "GER"]

1. d4 d5 2. c4 c5 3. e3 e5 4. dxe5 d4 5. Nf3 Nc6 6. exd4 cxd4 7. Bd3 Nxe5 8. Qe2 f6 9. Bf4 Bg4 10. Bxe5 Qa5+ 11. Kf1 Bxf3 12. Qxf3 Qxe5 13. Qxb7 Rb8 14. Qc6+ Kf7 15. Nd2 Ne7 16. Qd7 Rxb2 17. Re1 Rxd2 18. Rxe5 fxe5 19. Be4 Rd1+ 20. Ke2 Rxh1 21. Bd5+ Kf6 22. Qe6+ Kg5 23. Qxe5+ Kg6 24. Qe6+ Kh5 25. g4+ Kh4 26. Bxh1 Ng6 27. Qf5 Kh3 28. Qh5+ Nh4 29. Kf1 g5 30. Bg2+ Kxh2 31. Qxg5 Nxg2 1-0

[Event "BL2-West 1617"]
[Site "Germany"]
[Date "2016.11.20"]
[Round "2.3"]
[White "Kalka, Arkadius Georg"]
[Black "Khenkin, Igor"]
[Result "0-1"]
[WhiteElo "2334"]
[BlackElo "2565"]
[PlyCount "151"]
[EventDate "2016.10.16"]
[EventType "team-tourn"]
[EventRounds "9"]
[EventCountry "GER"]
[SourceTitle "EXT 2018"]
[Source "ChessBase"]
[SourceDate "2017.10.13"]
[SourceVersion "1"]
[SourceVersionDate "2017.10.13"]
[SourceQuality "1"]
[WhiteTeam "Dortmund Hansa"]
[BlackTeam "Koeln Porz"]
[WhiteTeamCountry "GER"]
[BlackTeamCountry "GER"]

1. Nf3 d5 2. c4 d4 3. b4 Bg4 4. Bb2 Bxf3 5. exf3 e5 6. c5 a5 7. a3 Be7 8. Bc4 Nf6 9. 0-0 0-0 10. Re1 axb4 11. axb4 Rxa1 12. Bxa1 b6 13. cxb6 cxb6 14. b5 Nbd7 15. d3 Bd6 16. Nd2 Qc7 17. Nb3 Bb4 18. Re2 Qd6 19. f4 Bc3 20. Bxc3 dxc3 21. Qe1 exf4 22. Qxc3 f3 23. gxf3 Qf4 24. Qd4 Qxf3 25. Re3 Qf5 26. h3 h5 27. Qd6 h4 28. Nd4 Qg5+ 29. Kh2 Ra8 30. Nf3 Qf5 31. Qe7 Rf8 32. Kg2 Nd5 33. Bxd5 Qxd5 34. Qxh4 Qxb5 35. Ng5 Nf6 36. Rf3 Qd5 37. Ne4 Nxe4 38. dxe4 Qe6 39. Rf5 Re8 40. Kf3 Qb3+ 41. Kg2 Qc4 42. Rf4 b5 43. Qg4 Re6 44. Qd1 Rf6 45. Kf3 Qc3+ 46. Ke2 Qc7 47. Rf3 b4 48. Rb3 Rd6 49. Rd3 Qc4 50. Ke3 Qc5+ 51. Ke2 Qc4 52. Ke3 Qc5+ 53. Ke2 Qb5 54. Ke3 Qb6+ 55. Ke2 Rxd3 56. Qxd3 b3 57. f4 b2 58. Qb1 Qb3 59. Kd2 Qxh3 60. Qxb2 Qh2+ 61. Kc3 Qxf4 62. Qg2 g5 63. Kd4 Kg7 64. Kd5 f6 65. Qb2 g4 66. Qb7+ Kg6 67. Qa8 Kg5 68. Qg8+ Kh4 69. Qh7+ Kg3 70. Ke6 Qe5+ 71. Kd7 Kf2 72. Qh1 g3 73. Qb1 Qd4+ 74. Ke6 g2 75. Qc2+ Kf3 76. Qb3+ 0-1

[Event "EU-ch 16th"]
[Site "Jerusalem"]
[Date "2015.03.02"]
[Round "6"]
[White "Zlotogorsky, Itay"]
[Black "Kalka, Arkadius Georg"]
[Result "1-0"]
[WhiteElo "2033"]
[BlackElo "2389"]
[PlyCount "133"]
[EventDate "2015.02.24"]
[EventType "swiss"]
[EventRounds "11"]
[EventCountry "ISR"]
[SourceTitle "CBM 166"]
[Source "ChessBase"]
[SourceDate "2015.05.11"]
[SourceVersion "1"]
[SourceVersionDate "2015.05.11"]
[SourceQuality "1"]

1. d4 d5 2. c4 e6 3. Nc3 Nf6 4. cxd5 exd5 5. Bg5 Be7 6. e3 c6 7. Bd3 Nbd7 8. Nge2 Nh5 9. Bxe7 Qxe7 10. 0-0 Ndf6 11. Qd2 g6 12. f3 0-0 13. Ng3 Ng7 14. Qf2 Bd7 15. h3 Nfh5 16. Nxh5 Nxh5 17. Rae1 Rad8 18. Ne2 Be6 19. Ng3 Ng7 20. f4 f5 21. Rc1 Rc8 22. Rc3 b6 23. Rfc1 c5 24. b3 Bf7 25. Nf1 Rfe8 26. Bb5 Red8 27. Ba6 Rc7 28. Nd2 Ne6 29. Nf3 Be8 30. Bf1 Rdc8 31. Qd2 Bc6 32. Ba6 Rd8 33. Bf1 Bb7 34. a4 Rdc8 35. R3c2 Rd8 36. Ne5 Rdc8 37. Nf3 Kg7 38. Bd3 Bc6 39. Ba6 Rd8 40. Bf1 Qd6 41. Ne5 Bb7 42. Qf2 Qe7 43. Bd3 Rf8 44. h4 Rcc8 45. Bf1 Rc7 46. Bd3 Kg8 47. Qg3 Kh8 48. h5 gxh5 49. Qh3 Qf6 50. b4 c4 51. Be2 h4 52. Kf2 Rg8 53. Rh1 b5 54. axb5 Rcg7 55. Bf3 Rg3 56. Qxh4 Qg7 57. Ke1 Nf8 58. Ra2 Rg6 59. Rxa7 Rd6 60. Qh5 Qe7 61. Rxb7 Qxb7 62. Nf7+ Kg7 63. Nxd6 Qa8 64. Qg5+ Ng6 65. Nxf5+ Kf8 66. Qf6+ Ke8 67. Qc6+ 1-0

[Event "EU-ch 16th"]
[Site "Jerusalem"]
[Date "2015.02.27"]
[Round "4"]
[White "Cohen Revivo, Alon"]
[Black "Kalka, Arkadius Georg"]
[Result "0-1"]
[WhiteElo "2022"]
[BlackElo "2389"]
[PlyCount "108"]
[EventDate "2015.02.24"]
[EventType "swiss"]
[EventRounds "11"]
[EventCountry "ISR"]
[SourceTitle "CBM 166"]
[Source "ChessBase"]
[SourceDate "2015.05.11"]
[SourceVersion "1"]
[SourceVersionDate "2015.05.11"]
[SourceQuality "1"]

1. e4 g6 2. d4 Bg7 3. c4 Nc6 4. Ne2 e5 5. d5 Nd4 6. Nxd4 exd4 7. Bd3 d6 8. 0-0 Ne7 9. Bg5 h6 10. Bxe7 Qxe7 11. Nd2 a5 12. Re1 Bd7 13. Rb1 h5 14. Bc2 c5 15. Ba4 g5 16. Qb3 Bxa4 17. Qxa4+ Qd7 18. b3 h4 19. h3 Be5 20. Nf3 f6 21. Re2 Ke7 22. Qxd7+ Kxd7 23. Ne1 Rhg8 24. f3 Rge8 25. Nd3 Bg3 26. Kf1 Re7 27. Rbb2 a4 28. b4 a3 29. Rb3 b6 30. bxc5 bxc5 31. Rb7+ Kd8 32. Rxe7 Kxe7 33. Rc2 Rb8 34. Rc1 f5 35. Ke2 Kf6 36. exf5 Kxf5 37. Rc2 Bf4 38. Nf2 Rb1 39. Ne4 Rg1 40. Kd3 Rd1+ 41. Ke2 Rg1 42. Kd3 Be5 43. Re2 Rc1 44. Rc2 Ra1 45. Re2 Bf4 46. Nf2 Be3 47. Ne4 Ke5 48. Nxg5 Rd1+ 49. Kc2 Rc1+ 50. Kb3 Rc3+ 51. Ka4 Rxc4+ 52. Kb5 Kxd5 53. f4 Rb4+ 54. Ka5 Rb2 0-1

[Event "EU-ch 16th"]
[Site "Jerusalem"]
[Date "2015.02.26"]
[Round "3"]
[White "Kalka, Arkadius Georg"]
[Black "Georgiev, Kiril"]
[Result "0-1"]
[WhiteElo "2389"]
[BlackElo "2623"]
[PlyCount "56"]
[EventDate "2015.02.24"]
[EventType "swiss"]
[EventRounds "11"]
[EventCountry "ISR"]
[SourceTitle "CBM 166"]
[Source "ChessBase"]
[SourceDate "2015.05.11"]
[SourceVersion "1"]
[SourceVersionDate "2015.05.11"]
[SourceQuality "1"]

1. e4 c5 2. Nf3 d6 3. d4 cxd4 4. Nxd4 Nf6 5. Nc3 a6 6. Bg5 e6 7. f4 Qb6 8. Nb3 Nbd7 9. Qe2 Qc7 10. 0-0-0 Be7 11. g4 b5 12. Bg2 Rb8 13. a3 b4 14. axb4 Rxb4 15. Rhe1 0-0 16. e5 dxe5 17. fxe5 Nd5 18. Bxe7 Nxe7 19. Rd3 Ng6 20. Re3 a5 21. Nd2 Bb7 22. Bxb7 Qxb7 23. Nc4 Nf4 24. Qf1 Ng2 25. Nxa5 Nxe3 26. Qd3 Qc7 27. Rxe3 Qxa5 28. Qxd7 Rd8 0-1

[Event "EU-ch 16th"]
[Site "Jerusalem"]
[Date "2015.02.25"]
[Round "2"]
[White "Vardi, Shlomit"]
[Black "Kalka, Arkadius Georg"]
[Result "0-1"]
[WhiteElo "1945"]
[BlackElo "2389"]
[PlyCount "128"]
[EventDate "2015.02.24"]
[EventType "swiss"]
[EventRounds "11"]
[EventCountry "ISR"]
[SourceTitle "CBM 166"]
[Source "ChessBase"]
[SourceDate "2015.05.11"]
[SourceVersion "1"]
[SourceVersionDate "2015.05.11"]
[SourceQuality "1"]

1. e4 c6 2. d3 d5 3. Nd2 g6 4. Ngf3 Bg7 5. g3 e5 6. Bg2 Ne7 7. 0-0 0-0 8. Re1 d4 9. a4 c5 10. Nc4 Nbc6 11. Bd2 h6 12. a5 Be6 13. Qb1 Qd7 14. b4 cxb4 15. Bxb4 Bxc4 16. dxc4 Nxb4 17. Qxb4 Rfc8 18. Reb1 Rc7 19. Ne1 Rac8 20. h3 h5 21. Ra2 Nc6 22. Qb5 a6 23. Qb3 Nd8 24. Bf1 Qe7 25. Ra4 f5 26. Qf3 Qf7 27. Bd3 f4 28. gxf4 exf4 29. e5 Bxe5 30. Be4 Kh8 31. Nd3 Bd6 32. Bd5 Qf6 33. Re1 Re7 34. Raa1 Ne6 35. h4 Rf8 36. Rab1 Ng7 37. Rxe7 Qxe7 38. c5 Bb8 39. Rxb7 Qxh4 40. Rb6 Bc7 41. Rxg6 Rf6 42. Rg2 Rh6 43. Qe4 Qf6 44. Ne1 h4 45. Nf3 h3 46. Rh2 Rh5 47. Bc4 Qd8 48. Kf1 Nf5 49. Be6 Qf6 50. Bxf5 Qxf5 51. Qxf5 Rxf5 52. Rxh3+ Kg8 53. Nxd4 Rxc5 54. Rh6 Rxa5 55. Rc6 Be5 56. Nf3 Bg7 57. Ke2 Ra2 58. Kd3 a5 59. Nd2 a4 60. Nc4 Kf7 61. Ra6 Bf8 62. Nb6 a3 63. Nc4 Ra1 64. Nxa3 Rxa3+ 0-1

[Event "EU-Cup 30th"]
[Site "Bilbao"]
[Date "2014.09.16"]
[Round "3.4"]
[White "Nagy, Gabor"]
[Black "Kalka, Arkadius Georg"]
[Result "1-0"]
[WhiteElo "2414"]
[BlackElo "2373"]
[PlyCount "63"]
[EventDate "2014.09.14"]
[EventType "team-swiss"]
[EventRounds "7"]
[EventCountry "ESP"]
[SourceTitle "CBM 163"]
[Source "ChessBase"]
[SourceDate "2014.11.11"]
[SourceVersion "1"]
[SourceVersionDate "2014.11.11"]
[SourceQuality "1"]
[WhiteTeam "Szombathely"]
[BlackTeam "Eupen Rochade"]
[WhiteTeamCountry "HUN"]
[BlackTeamCountry "BEL"]

1. e4 e5 2. Nf3 Nc6 3. Bb5 a6 4. Ba4 Nf6 5. d3 Bc5 6. Be3 Bxe3 7. fxe3 b5 8. Bb3 d5 9. Nc3 Be6 10. Ng5 0-0 11. 0-0 Bg4 12. Qe1 h6 13. exd5 Na5 14. Nge4 Nxe4 15. dxe4 b4 16. Nd1 Qd6 17. Nf2 Bd7 18. Nd3 Bb5 19. Rf5 c5 20. dxc6 Nxb3 21. axb3 Qxc6 22. Rc1 Rac8 23. Nf2 Qc5 24. Ng4 Bd7 25. Qg3 Qd6 26. Nf6+ Kh8 27. Nh5 g6 28. Rf6 Qd2 29. Rcf1 Rce8 30. h3 Bb5 31. Rxg6 Kh7 32. Nf6+ 1-0

[Event "EU-Cup 30th"]
[Site "Bilbao"]
[Date "2014.09.14"]
[Round "1.3"]
[White "Kalka, Arkadius Georg"]
[Black "Fressinet, Laurent"]
[Result "0-1"]
[WhiteElo "2373"]
[BlackElo "2712"]
[PlyCount "80"]
[EventDate "2014.09.14"]
[EventType "team-swiss"]
[EventRounds "7"]
[EventCountry "ESP"]
[SourceTitle "CBM 163"]
[Source "ChessBase"]
[SourceDate "2014.11.11"]
[SourceVersion "1"]
[SourceVersionDate "2014.11.11"]
[SourceQuality "1"]
[WhiteTeam "Eupen Rochade"]
[BlackTeam "Padova"]
[WhiteTeamCountry "BEL"]
[BlackTeamCountry "ITA"]

1. d4 Nf6 2. c4 e6 3. Nc3 Bb4 4. e3 0-0 5. Nf3 b6 6. Be2 Ne4 7. Qb3 Bxc3+ 8. bxc3 Bb7 9. c5 Nc6 10. cxb6 axb6 11. c4 f5 12. Bb2 Na5 13. Qc2 d6 14. h4 c5 15. dxc5 bxc5 16. Rd1 Qe7 17. h5 h6 18. Nh4 Qg5 19. Bf3 Nc6 20. Ng6 Rf7 21. a3 Ne7 22. Nf4 e5 23. Ne2 Bc6 24. Qd3 Rb8 25. Ba1 Nc8 26. Rb1 Rxb1+ 27. Qxb1 Qd8 28. Qc2 Nb6 29. 0-0 Qc7 30. Nc3 Nxc3 31. Bxc6 Qxc6 32. Qxc3 f4 33. Rd1 f3 34. Qd3 fxg2 35. e4 Qc8 36. Kxg2 Qg4+ 37. Kf1 Nxc4 38. Re1 Qh4 39. f3 Rxf3+ 40. Qxf3 Nd2+ 0-1

[Event "Eupen"]
[Site "Eupen"]
[Date "2014.08.29"]
[Round "8"]
[White "Kalka, Arkadius Georg"]
[Black "Winterberg, Lukas"]
[Result "1-0"]
[WhiteElo "2373"]
[BlackElo "2282"]
[PlyCount "81"]
[EventDate "2014.08.22"]
[EventType "tourn"]
[EventRounds "9"]
[EventCountry "BEL"]
[EventCategory "4"]
[SourceTitle "EXT 2016"]
[Source "ChessBase"]
[SourceDate "2015.10.08"]
[SourceVersion "1"]
[SourceVersionDate "2015.10.08"]
[SourceQuality "1"]

1. Nf3 Nf6 2. c4 g6 3. Nc3 Bg7 4. e4 d6 5. d4 0-0 6. Be2 Na6 7. 0-0 e5 8. Re1 Bg4 9. Be3 Bxf3 10. Bxf3 exd4 11. Bxd4 Nb4 12. Be2 Nc6 13. Be3 Nd7 14. Qd2 Nc5 15. f3 Ne6 16. Kh1 Ncd4 17. Nb5 c5 18. f4 Nxb5 19. cxb5 Nd4 20. Bc4 Qe7 21. Qd3 Rae8 22. Bd2 Kh8 23. Re3 Qd7 24. a4 f5 25. Rae1 Re7 26. Bd5 Rfe8 27. Rh3 Bf6 28. Qg3 fxe4 29. Qxg6 Rf8 30. Qh6 Rg7 31. Bxe4 Qf7 32. g4 d5 33. Bb1 c4 34. Bb4 Rfg8 35. g5 Bd8 36. Bc3 Bb6 37. Qxb6 axb6 38. Bxd4 Re8 39. Rxh7+ Kg8 40. Rxg7+ Qxg7 41. Rxe8+ 1-0

[Event "BEL-chT 1314"]
[Site "Belgium"]
[Date "2014.02.09"]
[Round "9.5"]
[White "Kalka, Arkadius Georg"]
[Black "De Haan, Eric"]
[Result "1-0"]
[WhiteElo "2341"]
[BlackElo "2300"]
[PlyCount "79"]
[EventDate "2013.09.22"]
[EventType "team-tourn"]
[EventRounds "11"]
[EventCountry "BEL"]
[SourceTitle "EXT 2015"]
[Source "ChessBase"]
[SourceDate "2014.11.20"]
[SourceVersion "1"]
[SourceVersionDate "2014.11.20"]
[SourceQuality "1"]
[WhiteTeam "KSK Rochade"]
[BlackTeam "Borgerhout"]
[WhiteTeamCountry "BEL"]
[BlackTeamCountry "BEL"]

1. c4 c5 2. Nf3 Nc6 3. d4 cxd4 4. Nxd4 Qb6 5. e3 e6 6. Nb5 Bb4+ 7. N1c3 a6 8. Nd6+ Ke7 9. Nxc8+ Rxc8 10. Bd2 Nf6 11. a3 Bxc3 12. Bxc3 Ne4 13. Qc2 d5 14. Rd1 Rhd8 15. cxd5 exd5 16. Rxd5 Nxc3 17. Rxd8 Nxd8 18. bxc3 Qc6 19. c4 b5 20. Bd3 Qxg2 21. Be4 Qg5 22. Bd3 bxc4 23. Be2 Qg2 24. Rf1 Ne6 25. Qc3 Qe4 26. f3 Qh4+ 27. Rf2 Rb8 28. Bxc4 Rc8 29. Qb4+ Nc5 30. f4 Kf8 31. Bxa6 Kg8 32. Qc4 Rc7 33. Qd5 g6 34. Bc4 Kg7 35. Qe5+ Qf6 36. Qxc7 Ne4 37. Qxf7+ Qxf7 38. Bxf7 Nxf2 39. Kxf2 Kxf7 40. e4 1-0